States and the UK - Statistics

General Stats
  • This quiz has been taken 47 times
  • The average score is 8 of 11
Answer Stats
Answer % Correct
Texas 2.86 UKs
97%
California 1.74 UKs
87%
Alaska 7.05 UKs
79%
New Mexico 1.29 UKs
76%
Arizona 1.21 UKs
71%
Nevada 1.17 UKs
71%
Colorado 1.11 UKs
66%
Michigan 1.03 UKs
63%
Montana 1.56 UKs
63%
Oregon 1.04 UKs
58%
Wyoming 1.03 UKs
58%
No matching quizzes found
Score Distribution
Percent of People with Each Score
Percentile by Number Answered
Your Score History
You have not taken this quiz